| 000 | 00735nas a2200241 4500 | ||
|---|---|---|---|
| 001 | BR0001678 | ||
| 003 | BR-BrBNA | ||
| 005 | 20231205101811.0 | ||
| 007 | ta | ||
| 008 | 230509b bl.|||p| |||| 00| 00por d | ||
| 040 |
_aBR-BrBNA _bpor _cBiblioteca Nacional de Agricultura |
||
| 041 | _a(Pt) | ||
| 072 | _aF30 | ||
| 100 | 1 | _aFarias Neto, J.T. de | |
| 245 | 1 | _aEstimativas de parametros geneticos em progenies de meio-irmaos de pupunheira | |
| 650 | _aPupunha | ||
| 650 | _aParametro Genetico | ||
| 650 | _aPalmito | ||
| 650 | _aProgenie | ||
| 773 | 0 |
_tBoletim de Pesquisa Florestal (Brazil) _xISSN 1517-6371 _g(Jul-Dec 1999), (no. 39) p. 109-117 _wBR0001678 |
|
| 909 |
_a202311 _bLúcia _c55 _dLúcia Elande |
||
| 942 |
_2AGRIS _n0 _cANA |
||
| 999 |
_c164020 _d164020 |
||